Los riesgos de la sucesión presidencial : actores e instituciones rumbo al 2000.

محفوظ في:
التفاصيل البيبلوغرافية
المؤلف الرئيسي: Crespo, José Antonio (autor)
التنسيق: كتاب
اللغة:الإسبانية
سلاسل:(Estudios comparados ; no. 4)
الموضوعات:
الوسوم: إضافة وسم
لا توجد وسوم, كن أول من يضع وسما على هذه التسجيلة!

MARC

LEADER 00000cam^a2200000uu^4500
001 000464961
005 20250521000000.0
008 050901s1999^^^^^^^^^^^^rd^r^^000^0^spa^d
009 20260310124349.011
022 |a 9687825073 
035 |a FCE 000007541 
035 |a FCE 030058 
037 |a Acervo ITESO - Biblioteca 
041 |a spa 
082 0 4 |a 324.972  |b CREr 
100 |a Crespo, José Antonio  |e (autor) 
245 1 4 |a Los riesgos de la sucesión presidencial :  |b actores e instituciones rumbo al 2000. 
264 |a México :  |b CEPCOM,  |c 1999. 
300 |a 137 p. 
336 |a texto  |b txt  |2 rdacontenido 
337 |a sin mediación  |b n  |2 rdamedio 
338 |a volumen  |b nc  |2 rdasoporte 
440 0 |a (Estudios comparados ;  |v no. 4) 
649 |a XX 
650 |a Estadísticas 
650 |a Participación 
650 |a Voto 
650 |a Elecciones 
650 |a Gobierno representativo 
650 |a Representación 
650 |a Fraude electoral 
910 |a Fondo Centro de Estudios Educativos 
920 |a Impresos - Libros 
930 |a Fondos Especiales 
905 |a 133 
901 |a ALE030058  |b IT2  |c CEE  |u 20250521 
902 |a https://opac.biblio.iteso.mx/vufind/Record/000464961